Open Data Biblioteca Nacional de Portugal


República Portuguesa: Ministério da Cultura
Biblioteca Nacional de Portugal

Catálogo da BNP: acesso por Identificadores Unívocos
Registos Bibliográficos associados ao registo de autoridade

Etiqueta de registo: 01827cam 02200349 04500
001 26117
003 http://id.bnportugal.gov.pt/bib/catbnp/26117
100 ## $a19981111d1956 c y0pora0103 ba
101 0# $apor
102 ## $aPT
105 ## $aa z 000yy
106 ## $ar
200 1# $a O anão de pedra$fArlete de Oliveira Guimaräes$gil. Eugénio Silva
210 #9 $aLisboa$cRomano Torres$d[D.L. 1956]
215 ## $a47, [1] p.$cil.$d19 cm
225 2# $aManecas
317 ## $aColeção Leandro de Moraes Sarmento$5PTBN: L.M.S. 494
325 1# $aBraille impresso (grau 1). - Porto : CPAC, 1976. - 1 vol. ; 30 cm. - Cota ALDV: 881bl_001
339 ## $aCPAC $bBraille impresso (grau 1) $c $dNao $e881bl_001
606 ## $aLiteratura infantil$2SIPOR$367823
675 ## $a087.5$vmed$zpor$3287999
700 #1 $aGuimarães$bArlete de Oliveira$f1900-1998$341219
702 #1 $aSilva$bEugénio$f1937-$4440$332878
801 #0 $aPT$bBN$gRPC
966 ## $lBN$mFGMON$pBiblioteca particular Leandro de Moraes Sarmento$sL.M.S. 494 $x3
966 ## $lBN$mFGMON$sP. 6027 P.
966 ## $lBN$mINVISU$s881bl_001 $x0
998 ## $aCR012 - 00004

OpendataBNP@bnportugal.pt | Mais informação sobre acesso aos dados BNP